00627nam a2200145Ia 4500008004100000050002300041100003700064245011500101260008600216300002000302521002700322942000700349999001900356952010600375140724s9999 xx 000 0 und d aTJ 163b.Es77 2013 aEspiritu, Krist-Anne Michelle E. aCustomized client report software for Hopkins International Partners, Inc. /cKrist-Anne Michelle E. Espiritu. aLas Piñas, Philippines :bSouthville International School and Colleges,cc2013. a31 p. :c28 cm. aInformation Technology cTH c229115d229115 001040aCLbCLcTHESESd2014-07-24l0oTJ 163 .Es77 2013pT0469r2018-05-15 00:00:00w2014-07-24yTH